| 000 | 00852nam a2200229 a 4500 | ||
|---|---|---|---|
| 005 | 20240911064539.0 | ||
| 008 | 081108s2000 mx r 000 0 spa d | ||
| 035 | _aUPN01000165829 | ||
| 049 | _aUNE | ||
| 080 | _a008 (100) =20 "2002" DIA. | ||
| 245 | 0 | 0 | _aDialogue among civilizations: the international conference in Vilnius, Lithuania, 23-26 april 2001. |
| 260 | _aParis: UNESCO, 2002. | ||
| 300 | _a169 p.; 24 cm. il. | ||
| 500 | _a2001 The United Nations Year for Dialogue among Civilisations | ||
| 690 | _aIntercambio cultural | ||
| 690 |
_aCivilización _99 |
||
| 690 |
_aPluralismo intercultural _91176 |
||
| 690 |
_aComunicación intercultural _911458 |
||
| 690 | _aConferencias internacionales | ||
| 711 | 2 | _aInternational Conference on Dialogue among Civilizations held in Vilnius, Lithuania, 23-26 april 2001 | |
| 905 | _aUNESCO | ||
| 999 |
_c137941 _d137941 |
||